| 000 | 004150000a22001570004500 | ||
|---|---|---|---|
| 090 |
_aAR _b00773 |
||
| 245 | 1 | 0 | _aRubiaceae listserver on the Internet |
| 650 | 1 | 4 |
_aBibliografías _993093 |
| 650 | 1 | 4 |
_aVegetación _992799 |
| 650 | 1 | 4 |
_aBotánica _9361 |
| 653 | _fRubiaceae | ||
| 041 | 0 | _aInglés | |
| 100 | 1 |
_aPuttock, Christopher F. _993959 |
|
| 942 | _cARTICULO | ||
| 773 | 1 |
_tOpera. Bot. Belg. _3292 _h7 _q425-428 _d1996 |
|
| 999 |
_c9864 _d9864 |
||